Shingeki no Kyojin - Mort subite - Statistiques

Statistiques générales
  • Ce quiz a été pris 520 fois
  • Le résultat moyen est 14 sur 20
Answers on the Grid
Answers color-coded by a green-red scale on the quiz's grid according to % correct below.
Conny Springer
Aelita Schaeffer
Eren Jäger
Hans Zoe
Hugo
Jean Kirstein
Daphne Blake
Annie Leonhart
Vegeta
Ochaco Uraraka
Grace Burgess
Sasha Braus
Lucy Heartfilia
Levi Ackerman
Bertolt Hoover
Mina Carolina
Pierre
Nanaba
Marco Bott
Kaguya Shinomiya
Ymir
Erwin Smith
Hannes
Armin Arlert
Boris Feulner
Soma Yukihira
Mikasa Ackerman
Petra Ral
Finral Roulacase
Christa Lenz
 
Statistiques - réponses
Réponse % Correct
Eren Jäger
93%
Conny Springer
92%
Annie Leonhart
88%
Erwin Smith
85%
Sasha Braus
85%
Levi Ackerman
84%
Mikasa Ackerman
84%
Armin Arlert
83%
Hans Zoe
83%
Bertolt Hoover
82%
Jean Kirstein
82%
Ymir
82%
Marco Bott
78%
Christa Lenz
70%
Petra Ral
67%
Hannes
64%
Boris Feulner
28%
Nanaba
22%
Mina Carolina
19%
Hugo
7%
Aucun quiz correspondant
Distribution des résultats
% des personnes avec chaque résultat
Percentile par nombre de réponses
Votre historique - résultats
Vous n’avez pas pris ce quiz